• 首页
  • 本馆介绍
  • 公告通知
  • 最新文献
  • 馆藏检索
  • 电子资源
  • 读者导购
  • 参考咨询
  • 我的图书馆
  • 登录
  • 详细信息显示
  • 放入我的书架
  • 预约/预借图书
  • 作者相关作品
  • 分类相关作品
  • 丛书相关作品
  • 出版社相关作品

书目信息

  • 表格格式
  • 工作单格式
  • 卡片格式
题名:
隐藏的意识
    
 
作者: 巴奇 著 ;柴丹 译
分册:  
出版信息: 北京   中信出版集团  2018
页数: XVII, 397页
开本: 22cm
丛书名:
单 册:
中图分类: B842.7
科图分类:
主题词: 下意识--xia yi shi--研究
电子资源:
ISBN: 978-7-5086-9608-9
000 00930cam0 2200265 450
001 1951388866
005 20190115092042.5
010    @a978-7-5086-9608-9@b精装@dCNY 58.00
099    @aCAL 012019004920
100    @a20190110d2018 em y0chiy50 ea
101 1  @achi@ceng
102    @aCN@b110000
105    @ay a 000yy
200 1  @a隐藏的意识@Ayin cang de yi shi@e潜意识如何影响我们的思想与行为@f(美) 约翰·巴奇著@g柴丹译@zeng
210    @a北京@c中信出版集团@d2018
215    @aXVII, 397页@d22cm
320    @a有书目 (第377-397页)
500 10 @aBefore you know it : the unconscious reasons we do what we do@mChinese
517 1  @a潜意识如何影响我们的思想与行为@Aqian yi shi ru he ying xiang wo men de si xiang yu xing wei
606 0  @a下意识@Axia yi shi@x研究
690    @aB842.7@v5
701  1 @a巴奇@Aba qi@g(Bargh, John)@4著
702  0 @a柴丹@Achai dan@4译
801  0 @aCN@bECN@c20190110
905    @aBZT@dB842.7@e11
    
    隐藏的意识:潜意识如何影响我们的思想与行为/(美) 约翰·巴奇著/柴丹译.-北京:中信出版集团,2018
    XVII, 397页;22cm
    
    
    ISBN 978-7-5086-9608-9(精装):CNY 58.00
    
●
相关链接 在五车中查询图书 在当当中查询图书 在豆瓣中查询图书


正题名:隐藏的意识     索取号:B842.7/11         预约/预借

序号 登录号 条形码 馆藏地/架位号 状态 备注
1 868651   2000868651   第二书库/ [索取号:B842.7/11] 在馆    
2 868652   2000868652   第二书库/ [索取号:B842.7/11] 在馆    
3 868653   2000868653   第二书库/ [索取号:B842.7/11] 在馆    
山东省滨州职业学院图书馆 欢迎您!
大连网信软件有限公司© 版权所有